000 00612nam a2200229Ia 4500
003 OSt
005 20220918181257.0
006 a|||||r|||| 00| 0
007 ta
008 220917b |||||||| |||| 00| 0 eng d
024 _a26,452
037 _cTextual
040 _aARTS
_cARTS
_beng
041 _2eng
_aeng
082 _aO111,1M12x, G4 (EO)
100 _aBrowning Robert
_95529
245 0 _aPoems and plays
260 _aNew York
_bModern Library
_c1934
650 _aENGLISH LITERATURE
942 _hO111,1M12x, G4 (EO)
_cTEXL
_2CC
999 _c165067
_d165067